| 000 | 00000nas##2200000za#4500 |
|---|---|
| 001 | 9.512603 |
| 003 | CaOODSP |
| 005 | 20211110095654 |
| 007 | ta |
| 008 | 150406c1991||||xxc|| p #||||f| |0fre|d |
| 040 | |aCaOODSP|bfre |
| 043 | |an-cn--- |
| 086 | 1 |aC12-14F |
| 110 | 1 |aCanada. |bIndustrie, sciences et technologie Canada. |
| 245 | 10|aL'innovation |
| 260 | |aOttawa - Ontario : |bIndustrie, Sciences et Technologie |
| 310 | |aIrrégulier |